Udržiavanie systému manažérstva kvality vo vybranom podniku

Gespeichert in:
Bibliographische Detailangaben
1. Verfasser: Dzuňová, Štefánia
Format: Software Buch
Sprache:Slowakisch
Veröffentlicht: Bratislava STU FCHPT 2011
Online-Zugang:Im OPAC anzeigen
Tags: Tag hinzufügen
Keine Tags, Fügen Sie das erste Tag hinzu!

MARC

LEADER 00000nam a2200000 a 4500
005 20260127134321.0
007 co ugu
008 110707 2011 xo 000 0 slo d
035 |a vtls010290908 
039 9 |y 201107071149  |z mschk03 
040 |a STUSCHK1  |b slo  |c STUSCHK1  |e AACR2 
100 1 |a Dzuňová, Štefánia 
245 1 |a Udržiavanie systému manažérstva kvality vo vybranom podniku  |c Štefánia Dzuňová 
260 |a Bratislava  |b STU FCHPT  |c 2011 
300 |a 1 elektronický disk 
500 |a Obháj.: 7.6. 2011 
500 |a Študijný program: riadenie technologických procesov v chémii a potravinárstve 
500 |a Študijný odbor: 5.2.18 chemické technológie 
500 |a Miesto vypracovania: Ústav manažmentu - Odd. manažmentu chemických a potrav. technol., FCHPT 
500 |a Evidenčné číslo: FCHPT-20355-40630 
500 |a Diplomová práca na CD-ROMe 
910 |a SCHK95 
999 |c 9653  |d 9653